Les pays africains qui ont déjà participé à la Coupe du monde de football - Statistiques

Statistiques générales
  • Ce quiz a été pris 8 766 fois
  • Le résultat moyen est 11 sur 13
Statistiques - réponses
Participations Pays Années % Correct
5 Maroc 1970,1986,1994,1998,2018
99%
4 Algérie 1982,1986,2010,2014
98%
2 Sénégal 2002,2018
95%
5 Tunisie 1978,1998,2002,2006,2018
94%
3 Afrique du Sud 1998,2002,2010
92%
7 Cameroun 1982,1990,1994,1998,2002,2010,2014
92%
3 Egypte 1934,1990,2018
92%
3 Côte d'Ivoire 2006,2010,2014
84%
6 Nigeria 1994,1998,2002,2010,2014,2018
84%
3 Ghana 2006,2010,2014
81%
1 Zaïre 1974
80%
1 Togo 2006
51%
1 Angola 2006
42%
Aucun quiz correspondant
Distribution des résultats
% des personnes avec chaque résultat
Percentile par nombre de réponses
Votre historique - résultats
Vous n’avez pas pris ce quiz